Теоретико-методологические аспекты исследования экономической системы общества (Запись № 808495)
[ простой вид ]
| 000 -МАРКЕР | |
|---|---|
| контрольное поле | 01612nam0a2200385 4500 |
| 001 - ИДЕНТИФИКАТОР ЗАПИСИ | |
| контрольное поле | RU\NLR\bibl\1347238 |
| 005 - ИДЕНТИФИКАТОР ВЕРСИИ | |
| контрольное поле | 20250615172554.0 |
| 010 ## - МЕЖДУНАРОДНЫЙ СТАНДАРТНЫЙ НОМЕР КНИГИ (ISBN) | |
| Номер (ISBN) | 978-5-93962-301-8 |
| Тираж | 300 |
| 021 ## - НОМЕР ГОСУДАРСТВЕННОЙ РЕГИСТРАЦИИ | |
| Код страны | Российская Федерация |
| Номер | 2009-4973 |
| Номер Листа государственной регистраци | 280 |
| 035 ## - ДРУГИЕ СИСТЕМНЫЕ НОМЕРА | |
| Идентификатор записи | (nilc)EL/0000250255 |
| 035 ## - ДРУГИЕ СИСТЕМНЫЕ НОМЕРА | |
| Идентификатор записи | RU\LSL\Books\2531969 |
| 035 ## - ДРУГИЕ СИСТЕМНЫЕ НОМЕРА | |
| Идентификатор записи | RU\LSL\Books\2533299 |
| 035 ## - ДРУГИЕ СИСТЕМНЫЕ НОМЕРА | |
| Идентификатор записи | (NLR Aleph) 001332358 |
| 100 ## - ДАННЫЕ ОБЩЕЙ ОБРАБОТКИ | |
| Данные общей обработки | 20090225d2004 |||y0rusy50 ca |
| 101 0# - ЯЗЫК РЕСУРСА | |
| Язык текста, звукозаписи и т.д. | русский |
| 102 ## - СТРАНА ПУБЛИКАЦИИ ИЛИ ПРОИЗВОДСТВА | |
| Страна публикации | Российская Федерация |
| 105 ## - ПОЛЕ КОДИРОВАННЫХ ДАННЫХ: ТЕКСТОВЫЕ МАТЕРИАЛЫ, МОНОГРАФИЧЕСКИЕ | |
| Кодированные данные о монографическом текстовом документе | y ||||||||| |
| 200 1# - ЗАГЛАВИЕ И СВЕДЕНИЯ ОБ ОТВЕТСТВЕННОСТИ | |
| Основное заглавие | Теоретико-методологические аспекты исследования экономической системы общества |
| Сведения, относящиеся к заглавию | научный доклад |
| Первые сведения об ответственности | З. Ф. Хусаинов |
| 210 ## - ПУБЛИКАЦИЯ, РАСПРОСТРАНЕНИЕ И ДР. | |
| Место издания, распространения и т.д. | Казань |
| Имя издателя, распространителя и т. д. | Центр инновационных технологий |
| Дата издания, распространения и т.д. | 2004 |
| 215 ## - ФИЗИЧЕСКАЯ ХАРАКТЕРИСТИКА | |
| Специфическое обозначение материала и объем | 35 с. |
| Размеры | 21 |
| 320 ## - ПРИМЕЧАНИЯ О НАЛИЧИИ В ДОКУМЕНТЕ БИБЛИОГРАФИИ / УКАЗАТЕЛЯ | |
| Текст примечания | Библиогр.: с. 33-35 (34 назв.) и в подстроч. примеч. |
| 606 1# - НАИМЕНОВАНИЕ ТЕМЫ КАК ПРЕДМЕТ | |
| Наименование темы | Экономические системы |
| Формальный подзаголовок | Лекции, доклады и т.п. |
| Тематический подзаголовок | Теория |
| Системный номер авторитетной/нормативной записи | 2093998 |
| Идентификатор авторитетной/нормативной записи | RU\NLR\auth\661267154 |
| 606 1# - НАИМЕНОВАНИЕ ТЕМЫ КАК ПРЕДМЕТ | |
| Наименование темы | Национальная экономика |
| Формальный подзаголовок | Лекции, доклады и т.п. |
| Системный номер авторитетной/нормативной записи | 2081367 |
| Идентификатор авторитетной/нормативной записи | RU\NLR\auth\661257345 |
| 686 ## - ИНДЕКСЫ ДРУГИХ КЛАССИФИКАЦИЙ | |
| Индекс | Х010 |
| Издание | LBC/M |
| Код системы | |
| 686 ## - ИНДЕКСЫ ДРУГИХ КЛАССИФИКАЦИЙ | |
| Индекс | 06.03 |
| Код системы | |
| 686 ## - ИНДЕКСЫ ДРУГИХ КЛАССИФИКАЦИЙ | |
| Индекс | У010.5 |
| 686 ## - ИНДЕКСЫ ДРУГИХ КЛАССИФИКАЦИЙ | |
| Индекс | У010.3 |
| 700 #1 - ИМЯ ЛИЦА - ПЕРВИЧНАЯ ОТВЕТСТВЕННОСТЬ | |
| Начальный элемент ввода | Хусаинов |
| Часть имени, кроме начального элемента ввода | З. Ф. |
| Расширение инициалов личного имени | Зуфар Фаатович |
| Код отношения | Автор |
| 801 #0 - ИСТОЧНИК ЗАПИСИ | |
| Страна | Российская Федерация |
| Организация | НБ Казанского ГУ |
| Дата составления | 20030620 |
| Правила каталогизации | RCR |
| 801 #1 - ИСТОЧНИК ЗАПИСИ | |
| Страна | Российская Федерация |
| Организация | НБ Казанского ГУ |
| Дата составления | 20090225 |
| Правила каталогизации | RCR |
| 801 #2 - ИСТОЧНИК ЗАПИСИ | |
| Страна | Российская Федерация |
| Организация | NLR |
| Дата составления | 20090326 |
| Правила каталогизации | rcr |
| 942 ## - ДОПОЛНИТЕЛЬНЫЕ ЭЛЕМЕНТЫ ЗАПИСИ (АБИС) | |
| Тип экземпляра АБИС | Книга |
| 980 ## - КОЛЛЕКЦИЯ | |
| Название коллекции | Национальная библиография |
| Тип экземпляра | Дата поступления | Источник поступления | Библиотека постоянного хранения | Библиотека текущего хранения | Место хранения | Шифр хранения | Штрих-код | Статус экземпляра |
|---|---|---|---|---|---|---|---|---|
| Книга | 26.03.2009 | Обязательный экземпляр | РНБ (Московский) | РНБ (Московский) | Русский книжный фонд: издания с 1957 года | 2009-4/4566 | 2882886 | |
| Книга | 26.03.2009 | Обязательный экземпляр | РНБ (Московский) | РНБ (Московский) | Русский книжный фонд: издания с 1957 года | 2009-4/4566 | 2882887 |